[Event "Ann Arbor (MI Op/2)"]
[Site "?"]
[Date "1983.??.??"]
[Round "?"]
[White "Laren, Philip"]
[Black "Postma, D.."]
[Result "1-0"]
[WhiteElo "2155"]
[BlackElo "2045"]
[PlyCount "67"]
[EventDate "1983.??.??"]

1. e4 e5 2. Nc3 Nf6 3. Bc4 Bc5 4. d3 d6 5. f4 Nc6 6. Nf3 Be6 7. fxe5 dxe5 8.
Bg5 Be7 9. O-O O-O 10. Kh1 Bg4 11. Bxf6 Bxf6 12. Nd5 Nd4 13. c3 Nxf3 14. gxf3
Bh5 15. Qe2 Bg5 16. Rg1 c6 17. Ne3 Bf4 18. Nf5 Bg6 19. Ne3 Qf6 20. Ng4 Qd6 21.
Rad1 b5 22. Bb3 c5 23. Ne3 Bh5 24. Nf5 Qf6 25. Nxg7 Bg6 26. Nh5 Qh4 27. Nxf4
Qxf4 28. Rg4 Qf6 29. Rf1 Kh8 30. Qe3 Rac8 31. Bd5 Qd6 32. Qh6 f5 33. Rg5 Qe7
34. Rxg6 1-0

[Event "Southfield (MEX/1)"]
[Site "?"]
[Date "1983.??.??"]
[Round "?"]
[White "Laren, Philip"]
[Black "Poschel, Paul"]
[Result "0-1"]
[WhiteElo "2125"]
[BlackElo "2260"]
[PlyCount "79"]
[EventDate "1983.??.??"]

1. e4 c5 2. Nf3 e6 3. b3 Nc6 4. Bb2 d5 5. Bb5 d4 6. Bxc6+ bxc6 7. O-O Nf6 8.
Re1 Qc7 9. e5 Nd5 10. Na3 Ba6 11. d3 Be7 12. Nc4 O-O 13. Qd2 Rab8 14. Re4 Bc8
15. Rae1 Bd7 16. h3 Kh8 17. Ba3 Rbe8 18. Rg4 f5 19. Rg3 Nc3 20. h4 Nxa2 21. Qf4
Nc3 22. Nd6 Nd5 23. Nxe8 Bxe8 24. Qd2 h6 25. Rh3 Bh5 26. Nh2 Kh7 27. f4 Bg4 28.
Nxg4 fxg4 29. Rh2 Rxf4 30. Rf1 Rxf1+ 31. Kxf1 Qxe5 32. Rh1 Ne3+ 33. Kg1 Qg3 34.
Bc1 Bxh4 35. Qe2 Bg5 36. Bd2 Kg8 37. Be1 Qf4 38. g3 Qd6 39. Rh2 Qd5 40. Qxg4
0-1

[Event "Southfield (MEX/4)"]
[Site "?"]
[Date "1983.??.??"]
[Round "?"]
[White "Laren, Philip"]
[Black "Mazuchowski, Tom"]
[Result "1/2-1/2"]
[WhiteElo "2125"]
[BlackElo "2190"]
[PlyCount "26"]
[EventDate "1983.??.??"]

1. e4 e5 2. Nc3 Nf6 3. Bc4 Bc5 4. d3 Nc6 5. f4 d6 6. Nf3 Bg4 7. Na4 Bb6 8. Nxb6
axb6 9. Bb5 O-O 10. Bxc6 bxc6 11. O-O exf4 12. Bxf4 Nh5 13. Bd2 g6 1/2-1/2

[Event "Ann Arbor (MI Op/3)"]
[Site "?"]
[Date "1983.??.??"]
[Round "?"]
[White "LaMar, Frank"]
[Black "Rawley, L.."]
[Result "0-1"]
[WhiteElo "1980"]
[BlackElo "2200"]
[PlyCount "56"]
[EventDate "1983.??.??"]

1. e4 e5 2. f4 exf4 3. Nf3 d6 4. Bc4 h6 5. Nc3 g5 6. O-O Bg7 7. d4 Nc6 8. Ne2
Nf6 9. Qd3 Qe7 10. h4 Nh5 11. c3 Bd7 12. Bd2 O-O-O 13. Rae1 Rhf8 14. Qc2 Rde8
15. Bd3 g4 16. Nh2 f3 17. gxf3 g3 18. Ng4 Qxh4 19. Kg2 Bxg4 20. fxg4 Qh2+ 21.
Kf3 f5 22. gxf5 g2 23. Rg1 Qh3+ 24. Kf2 Nxd4 25. cxd4 Rxf5+ 26. Nf4 Qg3+ 27.
Ke2 Qg4+ 28. Kf2 Bxd4+ 0-1

[Event "Ann Arbor (MI Op/5)"]
[Site "?"]
[Date "1983.??.??"]
[Round "?"]
[White "LaMar, Frank"]
[Black "Brooks, John"]
[Result "0-1"]
[WhiteElo "1980"]
[BlackElo "2135"]
[PlyCount "112"]
[EventDate "1983.??.??"]

1. e4 Nf6 2. Bc4 Nxe4 3. Bxf7+ Kxf7 4. Qh5+ g6 5. Qd5+ e6 6. Qxe4 Bg7 7. Nf3
Rf8 8. d4 Kg8 9. Bg5 Qe8 10. Nbd2 Nc6 11. c3 d5 12. Qe3 e5 13. dxe5 Nxe5 14.
O-O-O Ng4 15. Qc5 b6 16. Qxc7 Nxf2 17. Rhe1 Nd3+ 18. Kb1 Nxe1 19. Rxe1 Bf5+ 20.
Ka1 Qd7 21. Re7 Qxc7 22. Rxc7 Rf7 23. Rxf7 Kxf7 24. a3 Re8 25. h4 Re2 26. g3
Be4 27. Nd4 Re1+ 28. Ka2 Bd3 29. Kb3 Re8 30. Nc6 a5 31. Bf4 Bb5 32. Nd4 a4+ 33.
Kc2 Bd7 34. N2f3 h6 35. Bc7 b5 36. Kd3 Bh3 37. Kd2 Bf1 38. Bf4 Re4 39. Kc2 Be2
40. Kd2 Bxf3 41. Nxf3 Ke6 42. Kd3 Kf5 43. Bd6 Kg4 44. Nh2+ Kf5 45. Nf3 g5 46.
hxg5 hxg5 47. Nd4+ Bxd4 48. cxd4 Re6 49. Bc7 Re1 50. Bd6 Rf1 51. Be5 Rf3+ 52.
Kd2 Ke4 53. Kc2 g4 54. Kd2 Rb3 55. Kc2 Ke3 56. Kc1 Kf2 0-1

[Event "Ann Arbor (MI Op/1)"]
[Site "?"]
[Date "1983.??.??"]
[Round "?"]
[White "LaMar, Frank"]
[Black "Alaton, I.."]
[Result "0-1"]
[WhiteElo "1980"]
[BlackElo "1790"]
[PlyCount "98"]
[EventDate "1983.??.??"]

1. e4 e5 2. Nf3 Nc6 3. Bc4 Be7 4. d4 d6 5. Nc3 exd4 6. Nxd4 Ne5 7. Bb3 Nf6 8.
O-O O-O 9. f4 Ned7 10. g4 Nc5 11. g5 Nfxe4 12. Nxe4 Nxe4 13. Qh5 d5 14. c3 c5
15. Nf3 c4 16. Bc2 Bf5 17. Nd4 Bc5 18. Be3 g6 19. Qh6 Bg4 20. h3 Bh5 21. f5 Re8
22. fxg6 Bxg6 23. Rae1 Qd7 24. Rf3 Re5 25. Bxe4 Rxe4 26. Rf4 Rae8 27. Kf2 Bd6
28. Rg4 Rxg4 29. hxg4 Qxg4 30. Rg1 Qe4 31. Qh3 Bf4 32. Re1 Bxe3+ 33. Rxe3 Qf4+
34. Qf3 Qh2+ 35. Ke1 Qg1+ 36. Kd2 Bd3 37. Nf5 Qxg5 38. Qf2 Bxf5 39. Qg3 Qxg3
40. Rxg3+ Kf8 41. Rg5 Be4 42. b3 b5 43. b4 f5 44. Ke3 Bd3+ 45. Kd4 Be4 46. Rh5
Kg7 47. Rg5+ Kf6 48. Rg3 f4 49. Rh3 Kg5 0-1

[Event "Ann Arbor (MI Op/3)"]
[Site "?"]
[Date "1983.??.??"]
[Round "?"]
[White "Kulbacki, James"]
[Black "Wolfrom, David"]
[Result "0-1"]
[WhiteElo "1910"]
[BlackElo "2115"]
[PlyCount "44"]
[EventDate "1983.??.??"]

1. c4 Nf6 2. Nc3 d5 3. d4 g6 4. Nf3 Bg7 5. Bf4 O-O 6. e3 c5 7. dxc5 Be6 8. Nd4
Nc6 9. Nxe6 fxe6 10. Qb3 Qa5 11. Qb5 Rac8 12. a3 a6 13. Qxa5 Nxa5 14. Be5 dxc4
15. Na4 Ne4 16. Bg3 Nxc5 17. Nb6 Rc6 18. Nxc4 Nxc4 19. Bxc4 Bxb2 20. Ra2 Na4
21. Bb3 Rc1+ 22. Kd2 Rd8+ 0-1

[Event "East Detroit (MCO/4)"]
[Site "?"]
[Date "1983.??.??"]
[Round "?"]
[White "Kulbacki, James"]
[Black "Proszkow, T.."]
[Result "1-0"]
[WhiteElo "1945"]
[BlackElo "1680"]
[PlyCount "65"]
[EventDate "1983.??.??"]

1. b4 e5 2. Bb2 d6 3. c4 Nd7 4. e3 Ngf6 5. Nc3 Be7 6. Nf3 b6 7. Be2 O-O 8. O-O
Bb7 9. d4 e4 10. Nd2 d5 11. Qb3 c6 12. a4 a5 13. b5 Re8 14. bxc6 Bxc6 15. cxd5
Bb7 16. Bc4 Bb4 17. Ba3 Bxc3 18. Qxc3 Nxd5 19. Qb3 N7f6 20. Rab1 Qc7 21. Rfc1
Qd8 22. Bb5 Re6 23. Nc4 Rc8 24. Ne5 Rxc1+ 25. Rxc1 h5 26. h3 g5 27. Nc6 Bxc6
28. Rxc6 Rxc6 29. Bxc6 Kg7 30. Qb5 Kg6 31. Qa6 g4 32. Qa8 Qc7 33. Bxd5 1-0

[Event "East Detroit (MCO/2)"]
[Site "?"]
[Date "1983.??.??"]
[Round "?"]
[White "Kulbacki, James"]
[Black "Morneau, F.."]
[Result "1-0"]
[WhiteElo "1945"]
[BlackElo "1655"]
[PlyCount "51"]
[EventDate "1983.??.??"]

1. Nf3 Nf6 2. c4 c5 3. Nc3 Nc6 4. d4 cxd4 5. Nxd4 g6 6. e4 Bg7 7. Be3 d6 8. Be2
O-O 9. O-O Ne8 10. Qd2 f5 11. exf5 Nxd4 12. Bxd4 Bxf5 13. Bf3 Qd7 14. Rad1 Rc8
15. Rfe1 Rf7 16. Bxa7 Bxc3 17. Qxc3 b5 18. Qe3 bxc4 19. Bd5 e6 20. Bxe6 Bxe6
21. Qxe6 Qxa7 22. Qxc8 Rxf2 23. Rxe8+ Rf8+ 24. Kh1 Rxe8 25. Qxe8+ Kg7 26. Rf1
1-0

[Event "Ann Arbor (MI Op/5)"]
[Site "?"]
[Date "1983.??.??"]
[Round "?"]
[White "Kulbacki, James"]
[Black "Marfia, J.."]
[Result "1/2-1/2"]
[WhiteElo "1910"]
[BlackElo "2185"]
[PlyCount "67"]
[EventDate "1983.??.??"]

1. b4 e5 2. Bb2 Bxb4 3. Bxe5 Nf6 4. e3 O-O 5. Nf3 d5 6. Be2 c5 7. O-O Nc6 8.
Bb2 a6 9. c4 d4 10. exd4 cxd4 11. d3 Qd6 12. Nbd2 Ba3 13. Bxa3 Qxa3 14. Qb3 Qd6
15. Rfe1 Rb8 16. Ng5 Ng4 17. Bxg4 Bxg4 18. h3 Qg6 19. hxg4 Qxg5 20. Qd1 Rfe8
21. Ne4 Qg6 22. f3 Ne5 23. Rb1 b5 24. cxb5 axb5 25. Rb2 h6 26. Qb1 Qb6 27. Qc2
Rec8 28. Qb3 Qc6 29. Rbe2 b4 30. Ng3 Ng6 31. Nf5 Qc3 32. Qd5 Qxd3 33. Qxd4
Qxd4+ 34. Nxd4 1/2-1/2

[Event "Ann Arbor (MI Op/1)"]
[Site "?"]
[Date "1983.??.??"]
[Round "?"]
[White "Kulbacki, James"]
[Black "Fischvogt, Eric"]
[Result "1-0"]
[WhiteElo "1910"]
[BlackElo "2205"]
[PlyCount "57"]
[EventDate "1983.??.??"]

1. Nf3 d5 2. b3 Bf5 3. Bb2 e6 4. e3 Nf6 5. c4 c6 6. Nc3 Nbd7 7. Be2 Be7 8. O-O
h6 9. d3 O-O 10. a3 Re8 11. b4 dxc4 12. dxc4 Qc7 13. Qb3 a5 14. c5 Reb8 15. Nd4
Ng4 16. g3 b6 17. cxb6 Nxb6 18. e4 axb4 19. axb4 Rxa1 20. Bxa1 Nd7 21. exf5
Rxb4 22. Qd1 Bf6 23. Nc2 Nxf2 24. Rxf2 Rb3 25. fxe6 Nc5 26. exf7+ Kf8 27. Nd4
Rb4 28. Na2 Ra4 29. Qxa4 1-0

[Event "Ann Arbor (MI Op/6)"]
[Site "?"]
[Date "1983.??.??"]
[Round "?"]
[White "Kulbacki, James"]
[Black "Bailey, Greg"]
[Result "1/2-1/2"]
[WhiteElo "1910"]
[BlackElo "2050"]
[PlyCount "96"]
[EventDate "1983.??.??"]

1. Nf3 g6 2. c4 Nf6 3. Nc3 Bg7 4. e4 d6 5. d4 O-O 6. Be2 Nbd7 7. O-O e5 8. Be3
Ng4 9. Bg5 f6 10. Bd2 f5 11. Bg5 Ngf6 12. Qd2 fxe4 13. dxe5 exf3 14. exf6 fxe2
15. fxg7 exf1=R+ 16. Rxf1 Rf6 17. Nd5 c6 18. Nxf6+ Nxf6 19. Qd4 Kxg7 20. Qh4 h5
21. Rd1 Qe7 22. h3 Be6 23. Rd3 Rf8 24. Rf3 Rf7 25. g4 Qf8 26. gxh5 Nxh5 27.
Qd4+ Kg8 28. Re3 Bf5 29. Qxa7 Ng7 30. Qa5 Ne6 31. h4 Nxg5 32. hxg5 Bg4 33. Qe1
Rf3 34. Re8 Rxf2 35. Rxf8+ Rxf8 36. Qg3 Bf5 37. Qxd6 Rf7 38. b4 Rd7 39. Qb8+
Kf7 40. Qf4 Ke6 41. a4 Rd6 42. b5 cxb5 43. axb5 b6 44. Qe3+ Kd7 45. Kf2 Re6 46.
Qd4+ Kc7 47. c5 bxc5 48. Qxc5+ Kb7 1/2-1/2

[Event "East Detroit (MCO/3)"]
[Site "?"]
[Date "1983.??.??"]
[Round "?"]
[White "Krevinko, S.."]
[Black "Thompson, Dexter"]
[Result "0-1"]
[WhiteElo "1885"]
[BlackElo "2105"]
[PlyCount "146"]
[EventDate "1983.??.??"]

1. e4 e5 2. Nf3 Nc6 3. Bc4 Nf6 4. d3 Bc5 5. O-O d6 6. c3 Bb6 7. Bg5 h6 8. Bh4
g5 9. Bg3 Bg4 10. b4 Nh5 11. a4 a6 12. a5 Ba7 13. Qb3 Qf6 14. Nbd2 O-O 15. Bd5
Nd8 16. d4 Nxg3 17. hxg3 exd4 18. e5 dxe5 19. Ne4 Qg6 20. Nxe5 Qf5 21. Nxg4 Kg7
22. Ngf6 g4 23. Rad1 c6 24. Bc4 Ne6 25. Be2 h5 26. Bd3 dxc3 27. Nd7 Nd4 28.
Nec5 Bxc5 29. Bxf5 Nxb3 30. Nxc5 Nxc5 31. bxc5 Rad8 32. Rd6 Rde8 33. Bd3 Re5
34. Bxa6 bxa6 35. Rc1 Rb8 36. Rd3 Rb2 37. Rdxc3 Ree2 38. Rf1 Ra2 39. Rb3 Rxa5
40. Rb6 Re6 41. Rc1 Ra2 42. Rb4 Ree2 43. Rf4 a5 44. Rd1 Kf8 45. Kf1 Rec2 46.
Rf5 Kg7 47. Kg1 Kg6 48. Rf4 Rxc5 49. Rd6+ Kg5 50. Rdf6 a4 51. Rxf7 a3 52. Rf8
Ra1+ 53. Kh2 Re1 54. Rg8+ Kh6 55. Rf6+ Kh7 56. Rff8 Re7 57. Ra8 a2 58. Rh8+ Kg7
59. Rhg8+ Kf6 60. Rgf8+ Rf7 61. Rxf7+ Kxf7 62. Rxa2 Rc1 63. Re2 Kf6 64. f4 c5
65. Re5 c4 66. Re2 c3 67. f5 Rd1 68. Re6+ Kf7 69. Rc6 Rd3 70. f6 Kg6 71. Re6 c2
72. f7+ Kxf7 73. Re2 h4 0-1

[Event "East Detroit (MCO/6)"]
[Site "?"]
[Date "1983.??.??"]
[Round "?"]
[White "Krevinko, S.."]
[Black "Richard, O.."]
[Result "1-0"]
[WhiteElo "1885"]
[BlackElo "1605"]
[PlyCount "75"]
[EventDate "1983.??.??"]

1. e4 e5 2. Nf3 Nf6 3. Nc3 Bb4 4. Bc4 d6 5. O-O Nc6 6. d3 h6 7. a3 Bc5 8. Be3
Bb6 9. Bxb6 axb6 10. h3 O-O 11. d4 exd4 12. Nxd4 Ne5 13. Bb3 Bd7 14. Re1 Qc8
15. Re3 Kh8 16. Qe2 Qd8 17. f4 Ng6 18. Rf1 Ne7 19. e5 dxe5 20. fxe5 Nfg8 21.
Rd3 Qe8 22. Rdf3 Nc6 23. Nxc6 Bxc6 24. Rxf7 Rxf7 25. Bxf7 Qe7 26. e6 Nf6 27.
Qd3 Ra5 28. Rd1 Qc5+ 29. Qd4 Qg5 30. Rd2 Qg3 31. Qf2 Qg5 32. h4 Qe5 33. Rd8+
Kh7 34. Qd2 Qg3 35. h5 Nxh5 36. Rh8+ Kxh8 37. Qd8+ Kh7 38. Qg8# 1-0

[Event "East Detroit (MCO/5)"]
[Site "?"]
[Date "1983.??.??"]
[Round "?"]
[White "Krevinko, S.."]
[Black "Lehotzky, Attila"]
[Result "0-1"]
[WhiteElo "1885"]
[BlackElo "2070"]
[PlyCount "82"]
[EventDate "1983.??.??"]

1. e4 e5 2. Nf3 Nc6 3. Bb5 a6 4. Ba4 Nf6 5. O-O b5 6. Bb3 Be7 7. Re1 d6 8. c3
O-O 9. h3 Nb8 10. d4 Nbd7 11. Nbd2 c5 12. Nf1 Re8 13. Ng3 g6 14. Bg5 Qc7 15.
Rc1 c4 16. Bc2 Bf8 17. Qd2 Bg7 18. Bb1 Nf8 19. Bh6 Ne6 20. Bxg7 Kxg7 21. d5 Nf4
22. Kh2 Qd7 23. Ng1 h5 24. N3e2 Ng4+ 25. hxg4 hxg4 26. Nxf4 exf4 27. Qxf4 Rh8+
28. Kg3 Qe7 29. Nf3 gxf3 30. Rh1 g5 31. Qe3 fxg2 32. Kxg2 Bd7 33. Rcg1 f6 34.
Kf1 Rae8 35. f4 g4 36. f5 Bxf5 37. Rxh8 Rxh8 38. Qf4 Bd7 39. e5 Qxe5 40. Rxg4+
Bxg4 41. Qxg4+ Kf8 0-1

[Event "East Detroit (MCO/5)"]
[Site "?"]
[Date "1983.??.??"]
[Round "?"]
[White "Kremen, P.."]
[Black "Swartz, J.."]
[Result "1-0"]
[WhiteElo "1605"]
[BlackElo "1605"]
[PlyCount "67"]
[EventDate "1983.??.??"]

1. Nf3 Nf6 2. b3 e6 3. Bb2 d5 4. e3 Nc6 5. Ne5 Nxe5 6. Bxe5 Bd6 7. Bb2 e5 8. d3
Ng4 9. Be2 h5 10. O-O e4 11. g3 Qg5 12. h4 Qg6 13. Bxg4 Bxg4 14. Qd2 Bf3 15.
Nc3 Qg4 16. Kh2 d4 17. Nxe4 Be2 18. Nxd6+ cxd6 19. Rfe1 Bf3 20. exd4+ Kd7 21.
Qg5 Qxg5 22. hxg5 d5 23. Kh3 Rae8 24. Kh4 Re2 25. Rxe2 Bxe2 26. Re1 Bg4 27. c4
Rc8 28. Re5 dxc4 29. dxc4 g6 30. Re3 f6 31. gxf6 Be6 32. d5 Bf5 33. Re7+ Kd6
34. Ba3+ 1-0

[Event "East Detroit (MCO/4)"]
[Site "?"]
[Date "1983.??.??"]
[Round "?"]
[White "Kremen, P.."]
[Black "Keeley, G.."]
[Result "1-0"]
[WhiteElo "1605"]
[BlackElo "1605"]
[PlyCount "121"]
[EventDate "1983.??.??"]

1. Nf3 d5 2. b3 Nf6 3. Bb2 Nc6 4. e3 Bf5 5. Bb5 a6 6. Bxc6+ bxc6 7. O-O e6 8.
Ne5 Qd6 9. d4 Be7 10. Ba3 Qd8 11. Nxc6 Qd7 12. Nxe7 Bg4 13. f3 Bh5 14. Re1 Qb5
15. Qd2 Nd7 16. Qb4 f6 17. Nc6 Qxb4 18. Nxb4 O-O 19. Nd3 Rfb8 20. g4 Bf7 21.
Nd2 e5 22. dxe5 fxe5 23. Bb2 Re8 24. c4 dxc4 25. Nxc4 e4 26. fxe4 Rxe4 27. h3
a5 28. Nce5 Nxe5 29. Nxe5 Be6 30. Rac1 Rc8 31. Nc6 Bd7 32. Nxa5 Ra8 33. Rxc7
Re7 34. b4 Rb8 35. Nc6 Bxc6 36. Rxe7 Kf8 37. Rc7 Bd5 38. Bxg7+ Kg8 39. a3 Bb7
40. Be5 Re8 41. Rxb7 Rxe5 42. Kf2 Rd5 43. Ke2 Rd8 44. a4 Rc8 45. Rd1 Rc2+ 46.
Rd2 Rc8 47. a5 Ra8 48. Rb6 Rc8 49. a6 Ra8 50. b5 Kg7 51. Rb7+ Kh6 52. a7 Kg5
53. b6 Kh4 54. Rb8 Rxb8 55. axb8=Q h5 56. gxh5 Kg5 57. h6 Kh4 58. Rd4+ Kh5 59.
Qe5+ Kg6 60. Rg4+ Kh7 61. Qg7# 1-0

[Event "East Detroit (MCO/2)"]
[Site "?"]
[Date "1983.??.??"]
[Round "?"]
[White "Kremen, P.."]
[Black "Haakonstad, Olaf"]
[Result "0-1"]
[WhiteElo "1605"]
[BlackElo "1605"]
[PlyCount "70"]
[EventDate "1983.??.??"]

1. Nf3 c5 2. b3 d5 3. Bb2 Nc6 4. e3 Nf6 5. Bd3 e6 6. O-O Bd6 7. Re1 O-O 8. Nc3
e5 9. e4 d4 10. Nd5 Nb4 11. Nxb4 cxb4 12. Bc4 a5 13. c3 bxc3 14. dxc3 dxc3 15.
Bxc3 Qc7 16. Rc1 Bg4 17. Re3 Rfd8 18. Qe2 Rac8 19. h3 Bxf3 20. Qxf3 Bc5 21. Re2
b6 22. Qg3 Bd4 23. Rec2 Nxe4 24. Qf3 Nxc3 25. Rxc3 Bxc3 26. Rxc3 e4 27. Qe2 b5
28. Bxf7+ Qxf7 29. Rxc8 Rxc8 30. Qxe4 Re8 31. Qc6 Re1+ 32. Kh2 Qf4+ 33. g3
Qxf2+ 34. Qg2 Qxg2+ 35. Kxg2 Re2+ 0-1

[Event "Ann Arbor (MI Op/7)"]
[Site "?"]
[Date "1983.??.??"]
[Round "?"]
[White "Kraft, C.."]
[Black "Postma, D.."]
[Result "1/2-1/2"]
[WhiteElo "1965"]
[BlackElo "2045"]
[PlyCount "44"]
[EventDate "1983.??.??"]

1. e4 e5 2. Nf3 d6 3. d4 exd4 4. Nxd4 Nf6 5. Nc3 Be7 6. Bc4 O-O 7. Bb3 c6 8.
O-O Nbd7 9. h3 a5 10. Re1 Nc5 11. a4 Nxb3 12. Nxb3 Be6 13. Nd4 Qd7 14. f4 Bc4
15. b3 Ba6 16. Qf3 Rac8 17. Bb2 g6 18. Rad1 Nh5 19. g4 Ng7 20. f5 Bf6 21. Ba1
Bh4 22. Re3 Bg5 1/2-1/2

[Event "Ann Arbor (MI Op/6)"]
[Site "?"]
[Date "1983.??.??"]
[Round "?"]
[White "Kraft, C.."]
[Black "Gabbara, Faris"]
[Result "1-0"]
[WhiteElo "1965"]
[BlackElo "2110"]
[PlyCount "153"]
[EventDate "1983.??.??"]

1. e4 d6 2. d4 Nf6 3. Nc3 g6 4. Nf3 Bg7 5. Be2 O-O 6. O-O Bg4 7. Be3 Nc6 8. Qd2
e5 9. d5 Ne7 10. h3 Bd7 11. Bh6 b5 12. Bxg7 Kxg7 13. a3 a6 14. Nh2 c6 15. dxc6
Bxc6 16. Qe3 Qc7 17. Ng4 Nxg4 18. Bxg4 f5 19. Bf3 fxe4 20. Nxe4 Nf5 21. Qc3 Nd4
22. Rfe1 Rf7 23. Ng5 Nxf3+ 24. gxf3 Rf6 25. f4 Re8 26. fxe5 dxe5 27. Re3 Qb6
28. Rf1 Rf5 29. Ne4 Bd5 30. Qc5 Qxc5 31. Nxc5 Rc8 32. b4 Bc4 33. Rd1 Rcf8 34.
Rd7+ Kh6 35. Ne4 Ba2 36. Kg2 Rc8 37. Nc5 Bb1 38. Re2 Rg5+ 39. Kh2 Ba2 40. Re7
Rf8 41. Ne6 Bxe6 42. Rxe6 Rf3 43. Rxa6 Rh5 44. Kg2 Rfxh3 45. Ra5 Rh2+ 46. Kf3
R2h3+ 47. Ke4 Kg7 48. Re3 R3h4+ 49. Kd5 Rd4+ 50. Ke6 e4 51. a4 Rxb4 52. axb5
Rf5 53. Rb3 Rxb3 54. cxb3 Rxf2 55. Kd7 e3 56. b6 e2 57. Re5 Rf6 58. b7 Rb6 59.
Kc7 Rxb3 60. Rxe2 Kf6 61. b8=Q Rxb8 62. Kxb8 h5 63. Kc7 g5 64. Kd6 Kf5 65. Kd5
Kf4 66. Rf2+ Kg3 67. Rf5 Kg4 68. Ke4 h4 69. Rf1 h3 70. Rg1+ Kh4 71. Kf3 h2 72.
Rb1 Kh3 73. Kf2 g4 74. Rb3+ g3+ 75. Rxg3+ Kh4 76. Rg8 h1=N+ 77. Kg2 1-0

[Event "Ann Arbor (MI Op/3)"]
[Site "?"]
[Date "1983.??.??"]
[Round "?"]
[White "Kraft, C.."]
[Black "Finegold, Ben"]
[Result "1/2-1/2"]
[WhiteElo "1965"]
[BlackElo "2145"]
[PlyCount "47"]
[EventDate "1983.??.??"]

1. e4 d5 2. exd5 Qxd5 3. Nc3 Qa5 4. d4 Nf6 5. Nf3 c6 6. Be2 Bf5 7. O-O e6 8. a3
Bd6 9. Bg5 Nbd7 10. Bh4 O-O 11. Bg3 Bxg3 12. hxg3 Rad8 13. Nh4 Ne4 14. Nxe4
Bxe4 15. b4 Qc7 16. Bf3 Bxf3 17. Nxf3 e5 18. dxe5 Nxe5 19. Qe2 Nxf3+ 20. gxf3
Rfe8 21. Qc4 Qe5 22. Rfe1 Qf6 23. Kg2 h6 24. Rad1 1/2-1/2

[Event "Ann Arbor (MI Op/1)"]
[Site "?"]
[Date "1983.??.??"]
[Round "?"]
[White "Kraft, C.."]
[Black "Belegundu, A.."]
[Result "1-0"]
[WhiteElo "1965"]
[BlackElo "1640"]
[PlyCount "51"]
[EventDate "1983.??.??"]

1. e4 c5 2. Nf3 d6 3. d4 cxd4 4. Nxd4 Nf6 5. Nc3 a6 6. Bg5 e6 7. f4 Be7 8. Qf3
Qc7 9. O-O-O Nbd7 10. g4 b5 11. Bxf6 Nxf6 12. g5 Nd7 13. h4 b4 14. Nce2 Bb7 15.
Ng3 Nc5 16. f5 d5 17. fxe6 fxe6 18. Bd3 Nxd3+ 19. Qxd3 Qf4+ 20. Kb1 dxe4 21.
Qb3 Bc8 22. Nxe6 Qe5 23. Qa4+ Kf7 24. Rhf1+ Bf6 25. Rd7+ Kg8 26. Rxg7+ 1-0

[Event "East Detroit (MCO/3)"]
[Site "?"]
[Date "1983.??.??"]
[Round "?"]
[White "Koteles, M.."]
[Black "Turner, Darrell"]
[Result "1/2-1/2"]
[WhiteElo "1605"]
[BlackElo "1830"]
[PlyCount "83"]
[EventDate "1983.??.??"]

1. e4 d6 2. d4 Nf6 3. Nc3 g6 4. f4 Bg7 5. Nf3 O-O 6. Be2 c5 7. O-O cxd4 8. Nxd4
Qb6 9. Be3 Qxb2 10. Qd2 Qb4 11. Rab1 Qa5 12. Rb5 Qc7 13. e5 Ng4 14. Nd5 Qd8 15.
Bxg4 Bxg4 16. Rxb7 Re8 17. Nc7 Bc8 18. Nxe8 Qxe8 19. Rb3 Na6 20. exd6 exd6 21.
Nb5 Be6 22. Rbb1 Qd7 23. Qxd6 Qxd6 24. Nxd6 Nc7 25. Rb7 Nd5 26. Bxa7 Rxa7 27.
Rxa7 Bd4+ 28. Kh1 Bxa7 29. f5 gxf5 30. Nxf5 Ne3 31. Nxe3 Bxe3 32. Rc1 Ba7 33.
h3 Kf8 34. Kh2 Bb8+ 35. g3 h5 36. Kg2 Bxa2 37. Ra1 Bd5+ 38. Kf2 Ke7 39. Ra5 Be4
40. Rxh5 Bxc2 41. g4 Kf6 42. Rb5 1/2-1/2

[Event "East Detroit (MCO/6)"]
[Site "?"]
[Date "1983.??.??"]
[Round "?"]
[White "Koteles, M.."]
[Black "Eagle, Chris"]
[Result "0-1"]
[WhiteElo "1605"]
[BlackElo "1860"]
[PlyCount "63"]
[EventDate "1983.??.??"]

1. e4 e5 2. Nf3 Nc6 3. Bb5 a6 4. Ba4 Nf6 5. Nc3 Be7 6. O-O b5 7. Bb3 O-O 8. Re1
d6 9. h3 Na5 10. d3 Nxb3 11. axb3 b4 12. Ne2 Nd7 13. Ng3 Nb8 14. d4 Nc6 15. d5
Na7 16. c4 c6 17. Nd2 cxd5 18. exd5 f5 19. Ndf1 Rf6 20. Bg5 Rg6 21. Bxe7 Qxe7
22. Kh2 Qh4 23. Qf3 f4 24. Ne4 Bg4 25. Qd3 f3 26. Ne3 Bxh3 27. gxh3 Rh6 28. Qf1
Qxe4 29. Rxa6 Qf4+ 30. Kh1 Rh4 31. Rxd6 Rf8 32. Ng4 0-1

[Event "East Detroit (MCO/2)"]
[Site "?"]
[Date "1983.??.??"]
[Round "?"]
[White "Koteles, M.."]
[Black "Barnes, O.."]
[Result "1-0"]
[WhiteElo "1605"]
[BlackElo "1605"]
[PlyCount "43"]
[EventDate "1983.??.??"]

1. e4 e5 2. Nf3 Nf6 3. Nc3 Bd6 4. Bc4 Qe7 5. d3 Na6 6. Bg5 h6 7. Bh4 Bc5 8. Nd5
Bb4+ 9. c3 Qe6 10. Nxc7+ Nxc7 11. Bxe6 dxe6 12. Qa4+ b5 13. Qxb4 Ba6 14. Nxe5
g5 15. Bg3 Rd8 16. O-O Nh5 17. Nxf7 Kxf7 18. Bxc7 Rxd3 19. Rad1 Rxd1 20. Rxd1
Rc8 21. Rd7+ Ke8 22. Qe7# 1-0

[Event "Southfield (MEX/2)"]
[Site "?"]
[Date "1983.??.??"]
[Round "?"]
[White "Koster, Ed"]
[Black "Stein, K.."]
[Result "0-1"]
[WhiteElo "2035"]
[BlackElo "2270"]
[PlyCount "60"]
[EventDate "1983.??.??"]

1. e4 c5 2. Nf3 e6 3. d4 cxd4 4. Nxd4 Nf6 5. Nc3 Nc6 6. Ndb5 d6 7. Bf4 e5 8.
Bg5 a6 9. Na3 b5 10. Bxf6 gxf6 11. Nd5 f5 12. Bxb5 axb5 13. Nxb5 Ra4 14. Nbc7+
Kd7 15. Nb6+ Kxc7 16. Nxa4 Qg5 17. g3 fxe4 18. Nc3 Nd4 19. Nxe4 Qf5 20. Qd3 Bb7
21. Qc4+ Kb8 22. O-O-O Bxe4 23. Rxd4 exd4 24. Rd1 Qxf2 25. Qb5+ Kc7 26. Qa5+
Kd7 27. Qa4+ Ke7 28. Qa7+ Ke6 29. Qc7 Bh6+ 30. Kb1 Qe2 0-1

[Event "Southfield (MEX/5)"]
[Site "?"]
[Date "1983.??.??"]
[Round "?"]
[White "Koster, Ed"]
[Black "Finegold, Ben"]
[Result "0-1"]
[WhiteElo "2035"]
[BlackElo "2070"]
[PlyCount "79"]
[EventDate "1983.??.??"]

1. e4 d5 2. exd5 Qxd5 3. Nc3 Qa5 4. d4 Nf6 5. Nf3 c6 6. Bc4 Bf5 7. O-O e6 8.
Re1 Be7 9. Bf4 O-O 10. h3 Nbd7 11. a3 Bg6 12. b4 Qf5 13. Qd2 Qxc2 14. Qe3 Nb6
15. Ba2 Qd3 16. Qc1 Rac8 17. Bb1 Qa6 18. Re5 Nbd5 19. Bxg6 hxg6 20. Ne4 Nd7 21.
Ra2 Nxe5 22. Bxe5 Nxb4 23. axb4 Qxa2 24. Qf4 f6 25. Bd6 Bxd6 26. Nxd6 Qb1+ 27.
Kh2 Qxb4 28. Nxc8 Rxc8 29. Qg4 Qd6+ 30. g3 g5 31. h4 gxh4 32. Nxh4 Qd5 33. Ng6
Kf7 34. Nf4 Rh8+ 35. Nh3 Qf5 36. Qxf5 exf5 37. Kg2 Rxh3 38. Kxh3 f4 39. gxf4 a5
40. Kg3 0-1

[Event "East Detroit (MCO/3)"]
[Site "?"]
[Date "1983.??.??"]
[Round "?"]
[White "Knecht, Mark"]
[Black "Wolf, R.."]
[Result "1-0"]
[WhiteElo "2090"]
[BlackElo "1700"]
[PlyCount "61"]
[EventDate "1983.??.??"]

1. e4 e6 2. d4 d5 3. Nc3 Bb4 4. e5 c5 5. a3 Bxc3+ 6. bxc3 Ne7 7. Qg4 Nbc6 8.
Qxg7 Rg8 9. Qxh7 Qa5 10. Bd2 Qa4 11. Ne2 cxd4 12. f4 Bd7 13. Qd3 Nf5 14. Ra2
Rc8 15. cxd4 Ncxd4 16. Nc3 Qc6 17. Rb2 Qc5 18. a4 a6 19. Kd1 b5 20. axb5 axb5
21. Nxb5 Nxb5 22. Rxb5 Qf2 23. Rb4 d4 24. Qe2 Qh4 25. Qe1 Qg4+ 26. Kc1 Ra8 27.
Qe4 Ra1+ 28. Kb2 Qd1 29. Rb8+ Ke7 30. Bb4+ Nd6 31. Bxd6# 1-0

[Event "East Detroit (MCO/1)"]
[Site "?"]
[Date "1983.??.??"]
[Round "?"]
[White "Knecht, Mark"]
[Black "Wilson, R.."]
[Result "1-0"]
[WhiteElo "2090"]
[BlackElo "1625"]
[PlyCount "47"]
[EventDate "1983.??.??"]

1. e4 c5 2. Nf3 d6 3. d4 cxd4 4. Nxd4 Nf6 5. Nc3 a6 6. Bc4 e6 7. Bb3 b5 8. O-O
Be7 9. Be3 O-O 10. a4 b4 11. Na2 Nxe4 12. Nxb4 Bb7 13. c3 a5 14. Nd3 Nd7 15.
Qg4 d5 16. f3 Nef6 17. Qh3 Ba6 18. Bc2 Nc5 19. Nxc5 Bxc5 20. Rfe1 g6 21. Kh1
Qb6 22. Qh6 e5 23. Nf5 Bxe3 24. Qg7# 1-0

[Event "Ann Arbor (MI Op/2)"]
[Site "?"]
[Date "1983.??.??"]
[Round "?"]
[White "Knecht, Mark"]
[Black "Poschel, Paul"]
[Result "1/2-1/2"]
[WhiteElo "2090"]
[BlackElo "2275"]
[PlyCount "70"]
[EventDate "1983.??.??"]

1. e4 c5 2. Nf3 e6 3. d4 cxd4 4. Nxd4 Nf6 5. Nc3 Nc6 6. Ndb5 d6 7. Bf4 e5 8.
Bg5 a6 9. Na3 b5 10. Bxf6 gxf6 11. Nd5 f5 12. Qd3 f4 13. g3 Bg7 14. c3 O-O 15.
Bg2 Be6 16. gxf4 exf4 17. Nxf4 Be5 18. Nd5 Qh4 19. Nc2 Kh8 20. Nce3 Rg8 21.
O-O-O Qxf2 22. Rd2 Qh4 23. Nf5 Bxf5 24. exf5 Rad8 25. Kb1 Na5 26. f6 Nc4 27.
Re2 Bxf6 28. Rf1 Ne5 29. Qf5 Bg7 30. Re4 Qh6 31. Qf2 Qg6 32. Ne7 Qe6 33. Nxg8
Kxg8 34. Qg3 d5 35. Ree1 d4 1/2-1/2